Twilight characters - Statistics

General Stats
  • This quiz has been taken 530 times
  • The average score is 48 of 106
Answer Stats
Surname / Coven Answer % Correct
Cullen Bella
100%
Swan Charlie
95%
Cullen Esme
93%
Black Jacob
93%
Cullen | Masen Edward
92%
Cullen Rosalie
92%
Cullen Alice
91%
Dwyer Renee
91%
Cullen Carlisle
90%
Cullen Emmett
90%
Cullen Jasper
90%
Cullen Renesmee
89%
Volturi Aro
83%
Uley Sam
82%
Clearwater Seth
82%
Stanley Jessica
81%
Clearwater Leah
81%
Volturi Jane
80%
Newton Mike
80%
Black Billy
79%
Clearwater Harry
73%
Volturi Caius
71%
Weber Angela
70%
Volturi Alec
69%
Dwyer Phil
69%
Clearwater Sue
69%
Ateara Quil
68%
Volturi Marcus
67%
Call Embry
65%
Yorkie Eric
65%
Denali Irina
65%
Biers Riley
63%
Denali Kate
61%
Cheney Ben
60%
Young Emily
60%
Mallory Lauren
60%
Lahote Paul
60%
American Nomad Victoria
59%
Egyptian Benjamin
55%
American Nomad James
55%
Tanner Bree
54%
Volturi Felix
54%
Deanli Tanya
53%
Black Rebecca
52%
Crowley Tyler
51%
Cameron Jared
50%
Black Rachel
50%
Amazon Zafrina
50%
Denali Laurent
46%
Denali Garrett
45%
Denali Carmen
44%
Denali Eleazar
43%
Romanian Vladimir
42%
Romanian Stefan
41%
Egyptian Amun
38%
Volturi Demitri
38%
Irish Maggie
38%
Nomad Peter
36%
Volturi Heidi
34%
Black Sarah
33%
Nomad Charlotte
31%
Irish Liam
31%
Egyptian Tia
31%
Amazon Senna
30%
Volturi Didyme
29%
Irish Siobhan
29%
Higginbotham Marie
28%
Nomad Mary
28%
Egyptian Kebi
27%
Volturi Chelsea
25%
Littlesea Collin
25%
Nomad Alistair
24%
Young Claire
24%
Denali Sasha
24%
Volturi Sulpicia
24%
Volturi Athenodora
23%
Volturi Renata
22%
Fuller Brady
21%
Black Ephraim
21%
Masen Elizabeth
18%
Mapuche Nahuel
18%
Volturi Santiago
18%
Mapuche Huilen
16%
Amazon Kachiri
16%
Volturi Afton
15%
Volturi Corin
15%
Nomad Randall
14%
Jenks Jason
11%
Aki Taha
11%
Denali Vasilii
11%
Nomad Charles
9%
Nomad Makenna
8%
Weber Isaac
7%
Newton Karen
7%
King Royce
7%
Mapuche Serena
7%
Stephens Lee
6%
Swan Helen
5%
Mapuche Jennifer
5%
Weber Joshua
5%
Marshall Katie
5%
Mapuche Maysun
4%
Marks Austin
3%
Crowley Beth
3%
Swan Geoffrey
3%
No matching quizzes found
Score Distribution
Percent of People with Each Score
Percentile by Number Answered
Your Score History
You have not taken this quiz